00370nam a22001337a 450000500170000000800410001704100120005808200130007010000120008324500380009526000500013330000280018365000250021120240816123110.0240816b |||||||| |||| 00| 0 eng d aEnglish a349 LAW  lEnglish aThe Law Reports: Probate Division aLondon: bWilliam Clowes and Sons Ltd, c1916 bxix, 360 pages;c25 cm. aLegal practice bLaw